| 000 -LEADER |
| fixed length control field |
01882 a2200241 4500 |
| 003 - CONTROL NUMBER IDENTIFIER |
| control field |
Nust |
| 005 - DATE AND TIME OF LATEST TRANSACTION |
| control field |
20170207165543.0 |
| 010 ## - LIBRARY OF CONGRESS CONTROL NUMBER |
| LC control number |
99048104 |
| 020 ## - INTERNATIONAL STANDARD BOOK NUMBER |
| International Standard Book Number |
0764575228 (alk. paper) |
| 040 ## - CATALOGING SOURCE |
| Transcribing agency |
Nust |
| 082 00 - DEWEY DECIMAL CLASSIFICATION NUMBER |
| Classification number |
621.3821 |
| 100 1# - MAIN ENTRY--PERSONAL NAME |
| Personal name |
Horak, Ray. |
| 245 10 - TITLE STATEMENT |
| Title |
Communications systems and networks / |
| Statement of responsibility, etc. |
Ray Horak. |
| 250 ## - EDITION STATEMENT |
| Edition statement |
2nd ed. |
| 260 ## - PUBLICATION, DISTRIBUTION, ETC. |
| Place of publication, distribution, etc. |
Foster City, CA : |
| Name of publisher, distributor, etc. |
M&T Books : |
| -- |
IDG Books Worldwide [distributor], |
| Date of publication, distribution, etc. |
c2000. |
| 300 ## - PHYSICAL DESCRIPTION |
| Extent |
xlii, 697 p. : |
| Other physical details |
ill. ; |
| Dimensions |
23 cm. |
| 505 ## - FORMATTED CONTENTS NOTE |
| Formatted contents note |
Chapter 1: Fundamentals of the Technology: Concepts and Definitions. Chapter 2: Fundamentals of Transmission Systems: Technologies and Applications. Chapter 3: Voice Communications Systems: PBX, ACD, Centrex, and KTS. Chapter 4: Messaging Systems: Facsimile, Voice Processing, and Electronic Mail. Chapter 5: Public Switched Telephone Network (PSTN). Chapter 6: Fundamentals of Data Communications. Chapter 7: Conventional Digital and Data Networks. Chapter 8: Local Area Networks: Connectivity and Internetworking. Chapter 9: Broadband Network Infrastructure. Chapter 10: Broadband Network Services: Frame Relay, SMDS, ATM, B-ISDN, and AINs. Chapter 11: Wireless Networking: Voice and Data. Chapter 12: The Internet and World Wide Web. Chapter 13: Video and Multimedia Networking. Chapter 14: Network Convergence. Chapter 15: Regulation: Issues And (Some) Answers. Appendix A: Acronyms, Abbreviations, and Symbols. Appendix B: Standards Organizations and Special Interest Groups (SIGs). Index. |
| 650 #0 - SUBJECT ADDED ENTRY--TOPICAL TERM |
| Topical term or geographic name entry element |
Telecommunication engineering |
| 650 #0 - SUBJECT ADDED ENTRY--TOPICAL TERM |
| Topical term or geographic name entry element |
Telecommunication systems. |
| 856 42 - ELECTRONIC LOCATION AND ACCESS |
| Materials specified |
Contributor biographical information |
| Uniform Resource Identifier |
<a href="http://www.loc.gov/catdir/bios/wiley046/99048104.html">http://www.loc.gov/catdir/bios/wiley046/99048104.html</a> |
| 856 42 - ELECTRONIC LOCATION AND ACCESS |
| Materials specified |
Publisher description |
| Uniform Resource Identifier |
<a href="http://www.loc.gov/catdir/description/wiley0310/99048104.html">http://www.loc.gov/catdir/description/wiley0310/99048104.html</a> |
| 856 42 - ELECTRONIC LOCATION AND ACCESS |
| Materials specified |
Table of contents |
| Uniform Resource Identifier |
<a href="http://www.loc.gov/catdir/toc/wiley022/99048104.html">http://www.loc.gov/catdir/toc/wiley022/99048104.html</a> |
| 942 ## - ADDED ENTRY ELEMENTS (KOHA) |
| Source of classification or shelving scheme |
|
| Koha item type |
Book |